000 02065nam a2200253 4500
005 20181127103930.0
008 181127n fr |||fr|||| 000 0 fre d
040 _aCO-BoUCM
_bspa
_cSandra Yazo
_dSandra Yazo
041 0 _afre
082 0 4 _220
_a327.03
092 _aE47N038
100 1 _aFrangulis, A.-F.
_d1888-
_q(Antoine F.)
_994683
242 0 0 _aDiccionario diplomático
_cAcademia Diplomática Internacional ; publicado bajo la dirección de Antonio F. Frangulis con la colaboración de algunos miembros, asociados y afiliados
_yspa
245 1 0 _aDictionnaire diplomatique
_cAcadémie Diplomatique Internationale ; poubliée sous la direction de M. A. F. Frangulis, avec la collaboration des Membres, des Associés et des Adhérents de l’Académie
260 _aParís (Francia)
_bAcadémie Diplomatique Internationale ; Imprimerie Lang. Blanchong et Cie. [Academia Diplomática Internacional ; Imprenta de Lang. Blanchong y Compañía]
_c[fecha desconocida]
300 _a2 volúmenes (1282 ; 1120, ciii bis páginas)
_c27 x 19 cm.
500 _aDetalles físicos: Encuadernación rígida en cartón duro, forrado en tela texturizada. En lomo y tapas con repujados y letras en dorado. Guardas. Anteportada. Portada. Texto impreso en dos columnas, con diferentes tamaños de letra, sobre papel de calidad. Deterioro en lomo y esquinas. Residuos de cintas pegantes en lomo y tapas. Cortes manchados, V.2 guardas (delanteras y posteriores) rotas y medio desprendidas. Indicios de humedad, deformación de plano
505 0 _aV.1: Diccionario alfabético de materias diplomáticas: A – L -- V.2: M – Z ; Anexos al Diccionario: Listado de principales tratados internacionales (multilaterales) suscritos a partir de 1856 ; Catálogo de tratados de arbitraje, de conciliación, de regulación judicial, de desarme, actualmente vigentes
506 _aDisponible en línea
546 _aTexto en francés
650 7 _913310
_aDiplomacia
_vDiccionarios
690 _aRelaciones internacionales
_98042
942 _2LOCAL
_cLIBRO
_e1
_hE47N038
999 _c311232
_d311232